00949nam a2200229 a 4500001000900000005001700009008004100026020001500067040001300082050002400095100001900119245014200138260005600280300004700336500011200383500003400495504003100529650006000560650004900620700002600669700002400695BRCA_62120190320203103.0030110s2003 nyua---##b---#001-0#eng-d a1588390381 aDLCcDLC 4aND553.M3b.T56 20031 aTinterow, Gary10aManet/Velázquezbthe French taste for Spanish paintingcGary Tinterow and Geneviève Lacambre ; with Deborah L. Roldán ... [et al.]. aNew Haven, ConnecticutbYale University Pressc2003 axvi, 592 p.bil. (algunas a color)c32 cm. aCatálogo de la exposición realizada en el Museo de Orsay (París), 16 septiembre 2002 - 12 enero, 2003 aIncluye índice alfabético aBibliografía: p. 543-57614aPintura francesavExposicionesxInfluencias españolas14aPintura españolavExposicionesxInfluencia1 aLacambre, Geneviève1 aRoldán, Deborah L